| 000 | 00862nam a2200169Ia 4500 | ||
|---|---|---|---|
| 008 | 220216s9999 xx 000 0 und d | ||
| 100 | _aLai Van Lam | ||
| 245 | 0 | _aCrown budding: Prospects and early results in Vietnam | |
| 260 |
_bIndian Journal of Natural Rubber Research _c1993 |
||
| 300 | _a92-96 | ||
| 520 | _aSeven crown budding trials conducted at Rubber Research Institute of Vietnam have shown that crown could exert influence on the trunk clone: both positive and negative. Important trunk characters modified by crown clones are vigour, yield, diseases and latex characteristics. A proposal is made to adopt corwn diversified three-part-plants for commercial planting so as to make use of the beneficial effects of crown on trunk. | ||
| 650 | _aCrown budding | ||
| 650 | _aHevea | ||
| 650 | _aVietnam | ||
| 700 | _aTran Trung Hai | ||
| 942 | _cJS | ||
| 999 |
_c56577 _d56577 |
||